书目信息 |
| 题名: |
Dreamweaver 8企业网站架设实战
|
|
| 作者: | 孙良军 编著 | |
| 分册: | ||
| 出版信息: | 北京 中国青年出版社 2007.02 |
|
| 页数: | 380页 | |
| 开本: | 26cm | |
| 丛书名: | ||
| 单 册: | ||
| 中图分类: | TP393.092 , TP393.18 | |
| 科图分类: | ||
| 主题词: | 网页--制作--软件工具 , 企业--网站--建设 , 网页 , 软件工具 , 企业 , 网站 | |
| 电子资源: | ||
| ISBN: | 978-7-5006-7296-8 | |
| 000 | 00999nam0 2200337 450 | |
| 001 | 003411484 | |
| 005 | 20070613104135.0 | |
| 010 | @a978-7-5006-7296-8@dCNY38.00 | |
| 100 | @a20070423d2007 em y0chiy0110 ea | |
| 101 | 0 | @achi |
| 102 | @aCN@b110000 | |
| 105 | @aa z 000yy | |
| 106 | @ar | |
| 200 | 1 | @aDreamweaver 8企业网站架设实战@ADreamweaver 8 qi ye wang zhan jia she shi zhan@f孙良军编著 |
| 210 | @a北京@c中国青年出版社@d2007.02 | |
| 215 | @a380页@c图@d26cm@e1光盘 | |
| 307 | @a附光盘:ISBN 978-7-900219-44-2 | |
| 330 | @a本书内容包括:Dreamweaver 8基础、ASP语言、企业网站的前期策划、网页素材的准备与收集等。 | |
| 606 | 0 | @a网页@x制作@x软件工具 |
| 606 | 0 | @a企业@x网站@x建设 |
| 606 | 0 | @a网页 |
| 606 | 0 | @a软件工具 |
| 606 | 0 | @a企业 |
| 606 | 0 | @a网站 |
| 610 | 0 | @aDreamweaver |
| 690 | @aTP393.092@v4 | |
| 690 | @aTP393.18@v4 | |
| 701 | 0 | @a孙良军@Asun liang jun@4编著 |
| 801 | 0 | @aCN@b杨继星@c2010 |
| 905 | @aBZT@dTP393.092@e49@f5 | |
| 906 | @dCNY38.00@n0@r1 | |
| Dreamweaver 8企业网站架设实战/孙良军编著.-北京:中国青年出版社,2007.02 |
| 380页:图;26cm+1光盘 |
| ISBN 978-7-5006-7296-8:CNY38.00 |
| 本书内容包括:Dreamweaver 8基础、ASP语言、企业网站的前期策划、网页素材的准备与收集等。 |
| ● |
| 相关链接 |
|
|
|
正题名:Dreamweaver 8企业网站架设实战
索取号:TP393.092/49
 
预约/预借
| 序号 | 登录号 | 条形码 | 馆藏地/架位号 | 状态 | 备注 |
| 1 | 750409 | 2000750409 | 中心书库中库/ 中库026架B面9列6层12/ [索取号:TP393.092/49] | 在馆 | |
| 2 | 750410 | 2000750410 | 中心书库中库/ 中库026架B面9列6层10/ [索取号:TP393.092/49] | 在馆 | |
| 3 | 750411 | 2000750411 | 中心书库中库/ 中库026架B面9列6层11/ [索取号:TP393.092/49] | 在馆 | |
| 4 | 750412 | 2000750412 | 中心书库中库/ 中库026架B面9列6层14/ [索取号:TP393.092/49] | 在馆 | |
| 5 | 750413 | 2000750413 | 中心书库中库/ 中库026架B面9列6层13/ [索取号:TP393.092/49] | 在馆 |